[Event "Kazimierz Dolny op"]
[Site "Kazimierz Dolny"]
[Date "2001.03.17"]
[Round "8"]
[White "Pinski, Jan"]
[Black "Zontakh, Andrey"]
[Result "0-1"]
[WhiteElo "2395"]
[BlackElo "2529"]
[PlyCount "52"]
[EventDate "2001.03.10"]
[EventType "swiss"]
[EventRounds "9"]
[EventCountry "POL"]
[SourceTitle "CBM 081 Extra"]
[Source "ChessBase"]
[SourceDate "2001.05.06"]
[SourceVersion "1"]
[SourceVersionDate "2001.05.06"]
[SourceQuality "1"]

1. e4 e6 2. d4 d5 3. e5 c5 4. Qg4 Qa5+ 5. Bd2 Qb6 6. b3 cxd4 7. Nf3 Nc6 8. Bd3 Nb4 9. 0-0 Nxd3 10. cxd3 Ne7 11. Na3 Bd7 12. Nc2 Qa6 13. Nb4 Qb6 14. Qxd4 Qxd4 15. Nxd4 Ng6 16. Rfe1 Bc5 17. Nbc2 0-0 18. Bb4 b6 19. g3 a5 20. Bd2 f6 21. f4 fxe5 22. fxe5 Rf3 23. Be3 Nxe5 24. Kh1 Rf7 25. Rad1 Ng4 26. Bg1 e5 0-1

[Event "Polanica Zdroj op-A"]
[Site "Polanica Zdroj"]
[Date "2000.08.20"]
[Round "4"]
[White "Pinski, Jan"]
[Black "Vlassov, Nikolai"]
[Result "0-1"]
[WhiteElo "2408"]
[BlackElo "2455"]
[PlyCount "58"]
[EventDate "2000.08.17"]
[EventType "swiss"]
[EventRounds "10"]
[EventCountry "POL"]
[SourceTitle "EXT 2001"]
[Source "ChessBase"]
[SourceDate "2000.11.22"]
[SourceVersion "1"]
[SourceVersionDate "2000.11.22"]
[SourceQuality "1"]

1. e4 Nc6 2. Nc3 Nf6 3. d4 d5 4. e5 Nd7 5. f4 Nb6 6. Be3 h5 7. Nf3 Bf5 8. Nh4 Bg4 9. Qd2 e6 10. h3 Be2 11. Bxe2 Qxh4+ 12. Bf2 Qe7 13. g3 0-0-0 14. b3 f6 15. 0-0 Qf7 16. Nd1 g5 17. Be3 gxf4 18. Bxf4 fxe5 19. dxe5 Qg7 20. Qe3 Nd7 21. Nf2 Bc5 22. Qd2 Ndxe5 23. Kg2 Rdg8 24. Nd3 Nxd3 25. Bxd3 e5 26. Bf5+ Kb8 27. Qxd5 exf4 28. g4 hxg4 29. hxg4 Qc3 0-1